000 00762 a2200205 4500
005 20080827150551.0
008 080827t xxu||||| |||| 00| 0 eng d
010 _aENG-87293
020 _c60.00
035 _aEN-70826
037 _bDBAD / PUB
082 _a133.548
100 _aHariharan, K
245 _aKP's Krishnamurti Padhdhati
_balone is correct
_cby K. Hariharan
260 _aChennai
_bKrishnamurti Publications
_c2001
270 _aF21-A, First flooor, Spencer Plaza, 769, Anna Salai
300 _a77 p.
_c21 cm. (Pbk.)
942 _adpl
_cEN
_k133.548/HAR
_2ddc
_h133.548
_mHAR
999 _c6355
_d6355